• 首页
  • 本馆介绍
  • 公告通知
  • 最新文献
  • 馆藏检索
  • 电子资源
  • 读者导购
  • 参考咨询
  • 我的图书馆
  • 登录
  • 详细信息显示
  • 放入我的书架
  • 预约/预借图书
  • 作者相关作品
  • 分类相关作品
  • 丛书相关作品
  • 出版社相关作品

书目信息

  • 表格格式
  • 工作单格式
  • 卡片格式
题名:
纳税实务
    
 
作者: 刘伟 , 李海英 , 曲珅 主编
分册:  
出版信息: 西安   西安交通大学出版社  2017
页数: 250页
开本: 26cm
丛书名:
单 册:
中图分类: F812.42
科图分类:
主题词: 纳税--na shui--中国--教材
电子资源:
ISBN: 978-7-5605-9895-6
000 00930nam0 2200277 450
001 2151090535
005 20211018173724.0
010    @a978-7-5605-9895-6@dCNY40.00
100    @a20180111d2017 ekmy0chiy50 ea
101 0  @achi
102    @aCN@b610000
105    @aak a 000yy
106    @ar
200 1  @a纳税实务@Ana shui shi wu@f刘伟, 李海英, 曲珅主编
210    @a西安@c西安交通大学出版社@d2017
215    @a250页@c图@d26cm
320    @a有书目
330    @a本书主要围绕企业报税岗位完成的工作任务来展开,由四个学习项目组成,强调纳税实际操作能力的训练和学生依法诚信纳税职业素养的培养,并融入会计职业资格证书考试内容,实现了岗课证对接。
333    @a高校财经类相关师生
606 0  @a纳税@Ana shui@y中国@j教材
690    @aF812.42@v5
701  0 @a刘伟@Aliu wei@4主编
701  0 @a李海英@Ali hai ying@4主编
701  0 @a曲珅@Aqu shen@4主编
801  0 @aCN@b百万庄@c20211016
905    @b1309428-431@dF812.42@e104@f4
    
    纳税实务/刘伟, 李海英, 曲珅主编.-西安:西安交通大学出版社,2017
    250页:图;26cm
    使用对象:高校财经类相关师生
    
    ISBN 978-7-5605-9895-6:CNY40.00
    本书主要围绕企业报税岗位完成的工作任务来展开,由四个学习项目组成,强调纳税实际操作能力的训练和学生依法诚信纳税职业素养的培养,并融入会计职业资格证书考试内容,实现了岗课证对接。
●
相关链接 在E读中查询图书 在五车中查询图书 在当当中查询图书 在豆瓣中查询图书


正题名:纳税实务     索取号:F812.42/104         预约/预借

序号 登录号 条形码 馆藏地/架位号 状态 备注
1 1309428   213094284   第一样本阅览室/ [索取号:F812.42/104] 在馆    
2 1309429   213094293   第一借阅区/ [索取号:F812.42/104] 在馆    
3 1309430   213094300   第一借阅区/ [索取号:F812.42/104] 在馆    
4 1309431   213094319   第一借阅区/ [索取号:F812.42/104] 在馆    
唐山师范学院图书馆 欢迎您!
大连网信软件有限公司© 版权所有